000 00739nam a2200241 a 4500
001 000027058
003 DO-SdBNP
005 20260321073641.0
007 ta
008 110329s2000 dr a 000 j spa d
040 _aDO-SdBNP
_bspa
_cBNPHU
082 4 _aRD863.44
_bB742ct
_222
100 1 _a Bosch, Juan,
_d1909-2001
_976555
245 1 0 _aCuentos /
_cJuan Bosch ; edición José Chez Checo
260 _aSanto Domingo :
_bEdiciones Ferilibro,
_c2000.
300 _a147 p. :
_bil. ;
_c26 cm.
590 _aInventariado, 2021 / DG
650 0 _aCuentos dominicanos
_9176
650 0 _aLiteratura dominicana.
_967
700 1 _aLantigua, José Rafael,
_d1949-
_91438
910 _aValidado. Control de calidad MFF
942 _2ddc
_cLBS1
999 _c26550
_d26550